000 01229nam a22003257a 4500
005 20111109114059.0
008 111109t xxu||||| |||| 00| 0 eng d
010 _aENG-104071
020 _a9780198074106
_c595.00
020 _a0198074107
_c595.00
035 _aEN-87604
037 _bDBAD/PUB
040 _aDPL
_bEng
082 _a332.1068
100 _aBhattacharyya, Hrishikes
_935772
245 _aBanking strategy, credit appraisal and lending decisions :
_cby Hrishikes Bhattacharya
_ba risk-return framework /
250 _a2nd ed
260 _aNew Delhi
_bOxford University Press
_c2011
270 _aYMCA Library Building, 1, Jai Singh Road
_bNew Delhi
_e110001
300 _axix,562p.
_c25cm (pbk)
500 _aIncludes bibliographical references and index
600 _935777
650 _935779
_aBank management
_zIndia
650 _aBank loans
_zIndia
_935787
650 _aCredit ratings
_zIndia
_935788
650 _aBanks and banking
_zIndia
_935789
_xRisk management.
651 _935773
942 _2ddc
_cEN
_h332.1068
_mBHA
999 _c58258
_d58258